000 00704nam a22001817a 4500
005 20140812110503.0
010 _aENG-110503
020 _a9788183573825
_c325.00
035 _aEN-94035
037 _bDBAD/PUB
082 _a000
100 _aSharma, J.K.
245 _aUnique master guide IBPS (CWE) common written examination :
_cby J.K Sharma ; compiled by Unique research academy
_brecruitment of bank clerical cadre examinations according to latest syllabus and pattern /
260 _aNew Delhi
_bUnique Publishers
_c2013
270 _a4574/15, Padam Chand Marg, Ansari Road, Darya Ganj
_bNew Delhi
_e110002
300 _avarious pagings
_c24cm(pbk)
942 _2ddc
_cEN
_mSHA
_h000
999 _c87102
_d87102